000 00543nam a22001937a 4500
005 20251108164229.0
008 250721s1999 xx 000 0 ara d
082 1 4 _a618.92/ظاف
100 1 _aكيالي، ظافر
245 1 0 _aأجب سؤالي عن أطفالي /
264 1 _aبيروت :
_bالمؤسسة العربية للدراسات،
_c1999.
300 _a436ص
650 1 7 _aالأطفال
650 1 7 _aالأمراض
650 1 7 _aرعاية الطفولة
650 1 7 _aالصحة
942 _2ddc
_cBK
999 _c6942
_d6942